[Event "45 Otwarte Mistrzostwa Chorzowa OPEN FI"]
[Site "MDK Batory"]
[Date "2009.04.03"]
[Round "7.2"]
[White "Kaczmarek, Aleksander"]
[Black "Mulet, Piotr"]
[Result "0-1"]
[WhiteElo "1886"]
[BlackElo "2303"]
[PlyCount "83"]
[EventDate "2009.??.??"]

1. e4 c5 2. Nf3 Nc6 3. d4 cxd4 4. Nxd4 g6 5. f4 d6 6. Nf3 Bg7 7. Bd3 Qb6 8. Nc3
Nf6 9. a3 O-O 10. Bd2 Ng4 11. Qe2 Qxb2 12. Rb1 Qxa3 13. Nb5 Qc5 14. h3 Qh5 15.
Qf1 Nf6 16. e5 dxe5 17. g4 Bxg4 18. hxg4 Qxg4 19. Rg1 Qd7 20. fxe5 Ng4 21. Bf4
Ncxe5 22. Nxe5 Nxe5 23. Bxe5 Bxe5 24. Qe2 Bg7 25. Rh1 a6 26. Na3 b5 27. Kd2 Qd6
28. Rb3 Rac8 29. Kc1 Qd5 30. Qh2 h5 31. Kb1 Qd4 32. Ka2 Rc3 33. Qe2 Rfc8 34.
Rd1 Qc5 35. Rf1 Rxb3 36. cxb3 Bf6 37. Qg2 Qg5 38. Qf2 Kg7 39. Rg1 Qe5 40. Qg2
Rc3 41. Rd1 Rxd3 42. Rxd3 0-1

[Event "45 Otwarte Mistrzostwa Chorzowa OPEN FI"]
[Site "MDK Batory"]
[Date "2009.04.03"]
[Round "7.3"]
[White "Kalinin, Oleg"]
[Black "Galyga, Zbigniew"]
[Result "1-0"]
[WhiteElo "2377"]
[BlackElo "2217"]
[PlyCount "77"]
[EventDate "2009.??.??"]

1. Nf3 f5 2. g3 Nf6 3. Bg2 d6 4. d4 c6 5. O-O Qc7 6. c4 e5 7. Nc3 Be7 8. b3 O-O
9. e3 e4 10. Nd2 Be6 11. a4 Nbd7 12. f3 d5 13. Ba3 Bxa3 14. Rxa3 Qd6 15. Qc1
exf3 16. c5 Qe7 17. Nxf3 Ne4 18. b4 Rf6 19. b5 Bf7 20. Nh4 Qe6 21. Bh3 Bg6 22.
Ne2 Ng5 23. Bg2 Qe8 24. Rb3 Bh5 25. Nf4 Ne4 26. Nxh5 Qxh5 27. bxc6 bxc6 28. Rb7
Nf8 29. Bxe4 dxe4 30. Qc4+ Kh8 31. Qa6 Ne6 32. Rxa7 Rg8 33. Ra8 Nf8 34. Qc4 f4
35. exf4 g5 36. fxg5 Qxg5 37. Rxf6 Qxf6 38. Re8 Qxh4 39. Qxg8+ 1-0

[Event "45 Otwarte Mistrzostwa Chorzowa OPEN FI"]
[Site "MDK Batory"]
[Date "2009.04.03"]
[Round "7.4"]
[White "Sroka, Janusz"]
[Black "Janiszewski, Maciej"]
[Result "1-0"]
[WhiteElo "2109"]
[BlackElo "2093"]
[PlyCount "83"]
[EventDate "2009.??.??"]

1. e4 c5 2. Nc3 Nc6 3. g3 e6 4. Bg2 Nf6 5. d3 d5 6. f4 dxe4 7. Nxe4 Nxe4 8.
dxe4 Qxd1+ 9. Kxd1 e5 10. c3 Bg4+ 11. Kc2 O-O-O 12. Be3 Be6 13. Nf3 f6 14. fxe5
Nxe5 15. Nxe5 fxe5 16. Bg5 Rd7 17. Rad1 h6 18. Be3 Be7 19. Rxd7 Kxd7 20. Rd1+
Kc6 21. a4 g5 22. b3 h5 23. h3 a6 24. Ra1 Rd8 25. c4 g4 26. h4 Rf8 27. Rf1 Rd8
28. Ra1 Bf6 29. Rf1 Be7 30. Ra1 Rg8 31. Kc3 Rg6 32. Rf1 Kd7 33. Rf2 Ke8 34. Kd3
Bd7 35. Kc3 Rc6 36. Rd2 Be6 37. Rf2 Bd8 38. Kc2 Be7 39. Kc3 Rb6 40. Kc2 Bd7 41.
Rf1 Bf8 42. Rxf8+ 1-0

[Event "45 Otwarte Mistrzostwa Chorzowa OPEN FI"]
[Site "MDK Batory"]
[Date "2009.04.03"]
[Round "7.5"]
[White "Marek, Eugeniusz"]
[Black "Radzikowski, Dawid"]
[Result "0-1"]
[WhiteElo "1920"]
[BlackElo "1953"]
[PlyCount "88"]
[EventDate "2009.??.??"]

1. c4 e5 2. Nc3 Nc6 3. d3 d6 4. g3 Be6 5. Bg2 Qd7 6. h3 g6 7. Nf3 h6 8. Be3 Bg7
9. Qd2 Nge7 10. Qc1 d5 11. cxd5 Nxd5 12. Bd2 f5 13. a3 g5 14. Qc2 g4 15. hxg4
fxg4 16. Nh4 Nd4 17. Qd1 Nxc3 18. bxc3 Bb3 19. Qc1 Nc2+ 20. Kf1 Nxa1 21. Qxa1
Bd5 22. Be3 O-O-O 23. Qb2 Kb8 24. Kg1 Bxg2 25. Kxg2 h5 26. Rb1 b6 27. Qd2 Bf6
28. Rb4 Qd5+ 29. Kh2 Be7 30. c4 Bxb4 31. axb4 Qe6 32. Qc3 Rhf8 33. Kg2 Rf7 34.
b5 c5 35. bxc6 Qxc6+ 36. Kg1 Re8 37. Qb3 Rb7 38. Qb4 a5 39. Qa3 a4 40. Nf5 b5
41. c5 b4 42. Qb2 a3 43. Qb3 Qa6 44. Nd6 a2 0-1

[Event "45 Otwarte Mistrzostwa Chorzowa OPEN FI"]
[Site "MDK Batory"]
[Date "2009.04.03"]
[Round "7.6"]
[White "Ronke, Robert"]
[Black "Buchowski, Adam"]
[Result "0-1"]
[WhiteElo "1930"]
[BlackElo "1919"]
[PlyCount "108"]
[EventDate "2009.??.??"]

1. d4 Nf6 2. c4 e6 3. g3 Be7 4. Bg2 d5 5. Nf3 c6 6. O-O O-O 7. Nc3 b6 8. Re1
Ba6 9. cxd5 cxd5 10. Ne5 Bb7 11. a4 Nc6 12. e4 Nb4 13. exd5 Nbxd5 14. Bd2 Rc8
15. a5 Nxc3 16. Bxc3 Bxg2 17. Kxg2 b5 18. Qd3 Qd5+ 19. Kg1 Rfd8 20. Nf3 Nd7 21.
Bd2 Bf6 22. Qe2 Nb8 23. Rac1 Nc6 24. Be3 Be7 25. Red1 Nxa5 26. Ne5 Nb3 27. Rxc8
Rxc8 28. Qh5 g6 29. Qh6 Rc2 30. Qf4 f5 31. Qh6 Bf8 32. Qg5 Rc7 33. Bf4 Nxd4 34.
Re1 Rc8 35. Qf6 Qb7 36. Qh4 Bg7 37. Be3 Bxe5 38. Bxd4 Bxd4 39. Qxd4 Kf7 40. Qh4
h5 41. Qf4 Rc2 42. Qh6 Qb6 43. Qh7+ Kf6 44. Qh8+ Kg5 45. h4+ Kg4 46. Re3 Kh3
47. g4+ Kxh4 48. Qf6+ g5 49. Qe5 f4 50. gxh5 fxe3 51. Qh2+ Kg4 52. f3+ Kxf3 53.
Qxc2 e2+ 54. Kh2 Qd6+ 0-1

[Event "45 Otwarte Mistrzostwa Chorzowa OPEN FI"]
[Site "MDK Batory"]
[Date "2009.04.03"]
[Round "7.7"]
[White "Widera, Jan"]
[Black "Michalski, Edmund"]
[Result "1/2-1/2"]
[WhiteElo "2030"]
[BlackElo "1922"]
[PlyCount "90"]
[EventDate "2009.??.??"]

1. e4 e6 2. d4 d6 3. Nf3 Be7 4. c4 Nd7 5. Nc3 c5 6. Be2 a6 7. O-O cxd4 8. Nxd4
Ngf6 9. b3 O-O 10. Bb2 Nc5 11. Qc2 Qc7 12. b4 Ncd7 13. a3 b6 14. f4 Bb7 15.
Rac1 Rac8 16. Qb1 Qb8 17. Bd3 g6 18. f5 exf5 19. exf5 Ne5 20. fxg6 hxg6 21. Ne4
Nxe4 22. Bxe4 Qa8 23. Rce1 Bxe4 24. Rxe4 Rxc4 25. Re2 Bg5 26. Nf3 Nxf3+ 27.
Rxf3 Rf4 28. Rg3 Qd5 29. Rd3 Qf5 30. Qd1 Rf1+ 31. Qxf1 Qxd3 32. Qe1 d5 33. Re5
Bf4 34. Re7 d4 35. Bc1 Bxc1 36. Qxc1 Qf5 37. h3 d3 38. Qe3 Qf6 39. Rd7 Qa1+ 40.
Kh2 Qxa3 41. Qxb6 Qc3 42. Qd6 Re8 43. Qd5 Qe5+ 44. Qxe5 Rxe5 45. Rxd3 Rb5
1/2-1/2

[Event "45 Otwarte Mistrzostwa Chorzowa OPEN FI"]
[Site "MDK Batory"]
[Date "2009.04.03"]
[Round "7.8"]
[White "Rychlik, Bogdan"]
[Black "Noga, Jozef"]
[Result "0-1"]
[WhiteElo "1927"]
[BlackElo "2030"]
[PlyCount "120"]
[EventDate "2009.??.??"]

1. e4 d5 2. exd5 Qxd5 3. Nc3 Qd6 4. d4 Nf6 5. Nf3 a6 6. a4 Bg4 7. h3 Bxf3 8.
Qxf3 Nc6 9. Be3 e6 10. Bc4 O-O-O 11. O-O-O Be7 12. Bf4 Qb4 13. Bxa6 Qb6 14. d5
exd5 15. Be2 Nd4 16. Rxd4 Qxd4 17. Bxc7 Rd7 18. Rd1 Qc5 19. Bg3 Bd6 20. Bb5
Rdd8 21. Bh4 d4 22. Ne4 Qd5 23. Nxf6 Qxf3 24. gxf3 Be7 25. Bd7+ Kb8 26. Bg3+
Ka7 27. Bc7 Bxf6 28. Bxd8 Rxd8 29. Bf5 Kb6 30. Rd3 Kc7 31. Kb1 Ra8 32. b3 Re8
33. Be4 g6 34. Bd5 Re7 35. f4 Kd6 36. Bf3 Kc5 37. Ka2 b5 38. axb5 Kxb5 39. Bd5
Kc5 40. Bc4 Re2 41. Kb2 Rxf2 42. Bxf7 Rxf4 43. Be6 Re4 44. Bc8 h5 45. Ka3 Re1
46. b4+ Kb5 47. Bd7+ Kc4 48. b5 Be7+ 49. Ka2 Bd8 50. Rb3 Re2 51. Kb1 Bb6 52.
Rg3 Re1+ 53. Ka2 Ba5 54. Rxg6 Bc3 55. Rc6+ Kb4 56. Rxc3 Kxc3 57. b6 Re2 58. Ba4
Re6 59. b7 Rb6 60. Bc6 Kxc2 0-1

[Event "45 Otwarte Mistrzostwa Chorzowa OPEN FI"]
[Site "MDK Batory"]
[Date "2009.04.03"]
[Round "7.9"]
[White "Stepniewski, Jerzy"]
[Black "Kazek, Krzysztof"]
[Result "0-1"]
[WhiteElo "1810"]
[BlackElo "2029"]
[PlyCount "77"]
[EventDate "2009.??.??"]

1. Nf3 Nf6 2. g3 d5 3. c3 e6 4. Bg2 Be7 5. O-O Nbd7 6. d4 O-O 7. Re1 c5 8. e3
b6 9. Nbd2 Bb7 10. Nf1 Qc7 11. h3 e5 12. dxe5 Nxe5 13. Nxe5 Qxe5 14. f4 Qc7 15.
Nd2 Rad8 16. Nf3 Ne4 17. Kh2 f5 18. Qc2 Bf6 19. h4 h6 20. Nd2 Nd6 21. Bh3 Qd7
22. Nf3 Rfe8 23. Bg2 Re7 24. a4 Rde8 25. a5 b5 26. a6 Bc6 27. Ra2 Ne4 28. Rd1
Qe6 29. Ra5 Qf7 30. Bh3 Qe6 31. Bg2 g5 32. Ne5 Bxe5 33. Bxe4 fxe4 34. fxe5 gxh4
35. gxh4 Qxe5+ 36. Kh1 Rg7 37. Qh2 Qf5 38. Rg1 Qf3+ 39. Rg2 0-1

[Event "45 Otwarte Mistrzostwa Chorzowa OPEN FI"]
[Site "MDK Batory"]
[Date "2009.04.03"]
[Round "7.10"]
[White "Faron, Rafal"]
[Black "Sztwiertnia, Krzysztof"]
[Result "0-1"]
[WhiteElo "1707"]
[BlackElo "2021"]
[PlyCount "84"]
[EventDate "2009.??.??"]

1. e4 c5 2. Nf3 d6 3. d4 cxd4 4. Nxd4 Nf6 5. Nc3 a6 6. Be2 e5 7. Nb3 Be6 8. Be3
Nbd7 9. O-O Be7 10. Kh1 Qc7 11. f4 exf4 12. Bxf4 O-O 13. Nd4 Ne5 14. Bxe5 dxe5
15. Nxe6 fxe6 16. Bg4 Qc6 17. Bf3 b5 18. a3 a5 19. Qe2 b4 20. axb4 axb4 21. Qb5
Rxa1 22. Rxa1 Rc8 23. Ra6 Qxb5 24. Nxb5 Rxc2 25. g3 Rxb2 26. Rxe6 Bf8 27. Rxe5
Rf2 28. Rf5 b3 29. Bd1 b2 30. Bb3+ Kh8 31. Ba2 Nxe4 32. Rxf2 Nxf2+ 33. Kg2 Ne4
34. Bb1 Nd2 35. Bf5 b1=R 36. Bxb1 Nxb1 37. Nd4 Be7 38. Kf3 g6 39. Ne6 Nd2+ 40.
Kg4 Nf1 41. h3 Bd6 42. Nf4 Nh2+ 0-1

[Event "45 Otwarte Mistrzostwa Chorzowa OPEN FI"]
[Site "MDK Batory"]
[Date "2009.04.03"]
[Round "7.12"]
[White "Krzempek, Krystian"]
[Black "Blasiak, Miroslaw"]
[Result "0-1"]
[WhiteElo "1767"]
[BlackElo "1950"]
[PlyCount "110"]
[EventDate "2009.??.??"]

1. d4 d5 2. c4 e6 3. Nc3 Nf6 4. Bg5 Be7 5. e3 O-O 6. Nf3 h6 7. Bh4 b6 8. cxd5
Nxd5 9. Bxe7 Qxe7 10. Nxd5 exd5 11. Be2 Be6 12. O-O Nd7 13. Rc1 c5 14. Bb5 Rfc8
15. b3 Nf6 16. Ne5 cxd4 17. Qxd4 Rxc1 18. Rxc1 Rc8 19. Rxc8+ Bxc8 20. h3 Qc7
21. Bd3 Be6 22. Nf3 Nd7 23. Qb2 Nf6 24. Qc2 Qxc2 25. Bxc2 Kf8 26. Nd4 Bd7 27.
f3 g6 28. Kf2 Ke7 29. Bd3 Kd6 30. Ke2 a5 31. Kd2 Ne8 32. h4 Kc5 33. a3 b5 34.
g4 Nd6 35. Ne2 b4 36. a4 Ne8 37. Nf4 Kd6 38. Be2 Ng7 39. Ba6 Ne6 40. Nxe6 Bxe6
41. Kd3 Kc5 42. Bb5 f6 43. Be8 g5 44. h5 f5 45. gxf5 Bxf5+ 46. Kd2 Be6 47. Kd3
Bf5+ 48. Kd2 Kd6 49. Bb5 Ke5 50. Bd3 Be6 51. Be2 d4 52. Bd1 Bd5 53. Kd3 dxe3
54. Kxe3 Bf7 55. Kd3 Kf4 0-1

[Event "45 Otwarte Mistrzostwa Chorzowa OPEN FI"]
[Site "MDK Batory"]
[Date "2009.04.03"]
[Round "7.13"]
[White "Muc, Zbigniew"]
[Black "Kuciel, Wladyslaw"]
[Result "0-1"]
[WhiteElo "1848"]
[BlackElo "2121"]
[PlyCount "82"]
[EventDate "2009.??.??"]

1. e4 c5 2. d4 cxd4 3. c3 d3 4. Bxd3 Nc6 5. Nf3 d6 6. O-O Nf6 7. h3 g6 8. a3
Bg7 9. c4 O-O 10. Nc3 Nd7 11. Bd2 Nc5 12. Bc2 a5 13. Rb1 f5 14. exf5 Bxf5 15.
Bxf5 Rxf5 16. b4 axb4 17. axb4 Nd3 18. Nd5 e6 19. Ne3 Rf7 20. Nc2 Qc7 21. Qe2
Nde5 22. Ng5 Re7 23. f4 Nf7 24. Ne4 d5 25. Nf2 Ra2 26. Qd3 dxc4 27. Qxc4 Nxb4
28. Qxb4 Rxc2 29. Rfc1 Rd7 30. Rxc2 Qxc2 31. Rc1 Qxd2 32. Rc8+ Nd8 33. Qe4 Qd5
34. Qe2 Bd4 35. Kh2 Bxf2 36. Qxf2 Qd2 37. Qf3 Rf7 38. Kg3 Kg7 39. Rc3 Nc6 40.
Rd3 Qe1+ 41. Kh2 Ne5 0-1

[Event "45 Otwarte Mistrzostwa Chorzowa OPEN FI"]
[Site "MDK Batory"]
[Date "2009.04.03"]
[Round "7.15"]
[White "Hendel, Kazimierz"]
[Black "Fraczek, Leslaw"]
[Result "0-1"]
[WhiteElo "1671"]
[BlackElo "1908"]
[PlyCount "54"]
[EventDate "2009.??.??"]

1. e4 e5 2. Nf3 Nc6 3. Bc4 Nf6 4. d3 Be7 5. c3 O-O 6. O-O d6 7. Re1 Na5 8. Bb5
a6 9. Ba4 b5 10. Bc2 c5 11. Bd2 Nc6 12. a4 Bg4 13. h3 Bh5 14. Bg5 Nd7 15. Bxe7
Qxe7 16. Nbd2 Nb6 17. Qb1 Bg6 18. g3 f5 19. Nh4 f4 20. Nxg6 hxg6 21. a5 fxg3
22. f3 Nd7 23. b4 cxb4 24. Bb3+ Kh8 25. c4 Nf6 26. cxb5 axb5 27. Bd5 Qa7+ 0-1

[Event "45 Otwarte Mistrzostwa Chorzowa OPEN FI"]
[Site "MDK Batory"]
[Date "2009.04.03"]
[Round "7.16"]
[White "Moryson, Adrian"]
[Black "Sobek, Piotr"]
[Result "1-0"]
[WhiteElo "1897"]
[BlackElo "1866"]
[PlyCount "59"]
[EventDate "2009.??.??"]

1. f4 d5 2. Nf3 c5 3. e3 Bg4 4. b3 Nd7 5. Bb5 a6 6. Bxd7+ Qxd7 7. O-O f6 8. Bb2
Nh6 9. Nc3 e5 10. fxe5 fxe5 11. Nxe5 Qe6 12. Nxg4 Nxg4 13. Nxd5 O-O-O 14. c4
Bd6 15. h3 h5 16. hxg4 hxg4 17. Nf4 Bxf4 18. Rxf4 Rh4 19. Bxg7 Rg8 20. Bc3 Qh6
21. Qc2 Rh1+ 22. Kf2 g3+ 23. Ke2 Rh2 24. Qf5+ Kb8 25. Qd5 Re8 26. Rf7 Qh5+ 27.
Qxh5 Rxh5 28. Raf1 Re6 29. R1f6 Re4 30. Rg7 1-0

[Event "45 Otwarte Mistrzostwa Chorzowa OPEN FI"]
[Site "MDK Batory"]
[Date "2009.04.03"]
[Round "7.17"]
[White "Skrzyczek, Tomasz"]
[Black "Kostowski, Andrzej"]
[Result "1-0"]
[WhiteElo "2027"]
[BlackElo "1846"]
[PlyCount "31"]
[EventDate "2009.??.??"]

1. e4 e5 2. Nf3 d6 3. d4 exd4 4. Nxd4 Nc6 5. Nc3 Bd7 6. Bf4 Nf6 7. Qd2 Be7 8.
O-O-O Nxd4 9. Qxd4 c5 10. Qd2 Qa5 11. Bxd6 Bxd6 12. Qxd6 Rd8 13. e5 Ng8 14. Nb5
Bg4 15. Nc7+ Qxc7 16. Bb5+ 1-0

[Event "45 Otwarte Mistrzostwa Chorzowa OPEN FI"]
[Site "MDK Batory"]
[Date "2009.04.03"]
[Round "7.18"]
[White "Santura, Janusz"]
[Black "Galyga, Jozef"]
[Result "1/2-1/2"]
[WhiteElo "1852"]
[BlackElo "1906"]
[PlyCount "77"]
[EventDate "2009.??.??"]

1. d4 e6 2. Nf3 f5 3. g3 Nf6 4. Bg2 d5 5. O-O Be7 6. c4 O-O 7. b3 Nc6 8. Bb2 a5
9. Nbd2 Bd7 10. Ne5 Be8 11. a3 Ra6 12. Ndf3 Ne4 13. Qc2 Nxe5 14. Nxe5 c6 15.
Rad1 Bd6 16. f3 Nf6 17. e4 fxe4 18. fxe4 dxe4 19. Bxe4 Bh5 20. Rde1 Bxe5 21.
dxe5 Nxe4 22. Qxe4 Rxf1+ 23. Rxf1 Ra8 24. Bd4 Bg6 25. Qe3 h6 26. Bc5 Qd3 27.
Qxd3 Bxd3 28. Rf3 Bc2 29. Rc3 Be4 30. Bd6 a4 31. b4 Rd8 32. Kf2 Rd7 33. Ke3 Bg6
34. b5 Rf7 35. Kd4 Rf2 36. h3 Rc2 37. Rxc2 Bxc2 38. Kc3 Bb3 39. Kb4 1/2-1/2

[Event "45 Otwarte Mistrzostwa Chorzowa OPEN FI"]
[Site "MDK Batory"]
[Date "2009.04.03"]
[Round "7.19"]
[White "Rak, Dariusz"]
[Black "Rzepka, Maciej"]
[Result "1-0"]
[WhiteElo "1884"]
[BlackElo "1737"]
[PlyCount "104"]
[EventDate "2009.??.??"]

1. d4 Nf6 2. c4 g6 3. Nc3 Bg7 4. e4 d6 5. Nf3 O-O 6. Be2 e5 7. O-O Qe8 8. d5
Na6 9. Ne1 Nc5 10. f3 a5 11. Nb5 Na6 12. Bd2 b6 13. a3 Qd8 14. b4 axb4 15. axb4
Bb7 16. Nd3 Nh5 17. Qc2 Nf4 18. Bxf4 exf4 19. Ra4 Qg5 20. Qc1 Be5 21. g3 f5 22.
Nxf4 fxe4 23. Ne6 Qxc1 24. Rxc1 exf3 25. Nxf8 Rxf8 26. Bf1 c6 27. Nc3 Bd4+ 28.
Kh1 b5 29. cxb5 cxb5 30. Bxb5 Nc7 31. Bc6 Bc8 32. Nb5 Bb6 33. Nxc7 Bh3 34. Ra2
f2 35. Bb5 Bg4 36. Bf1 Be3 37. Rca1 Bd4 38. Rc1 Be3 39. Rca1 Bd4 40. Ne6 Bxa1
41. Rxa1 Rf3 42. Kg2 Rb3 43. Ra2 Bf3+ 44. Kh3 Bxd5 45. Nf4 Rb1 46. Rxf2 Bc6 47.
Ne6 h5 48. Rf8+ Kh7 49. Rf7+ Kh6 50. Rf8 Kh7 51. Rf7+ Kh6 52. Nf4 Bd5 1-0

[Event "45 Otwarte Mistrzostwa Chorzowa OPEN FI"]
[Site "MDK Batory"]
[Date "2009.04.03"]
[Round "7.20"]
[White "Klementys, Jerzy"]
[Black "Mandla, Maciej"]
[Result "1-0"]
[WhiteElo "1859"]
[BlackElo "1690"]
[PlyCount "103"]
[EventDate "2009.??.??"]

1. d4 Nf6 2. c4 g6 3. Nf3 Bg7 4. g3 O-O 5. Bg2 d6 6. O-O c5 7. d5 Bf5 8. Nc3 h6
9. Nh4 Bd7 10. e4 Na6 11. f4 Ng4 12. Nf3 f5 13. h3 fxe4 14. Nxe4 Nf6 15. Nh4
Nxe4 16. Bxe4 Bxh3 17. Nxg6 Bd4+ 18. Kh2 Bxf1 19. Nxf8 Qe8 20. Ng6 Bxc4 21. Qg4
Bg7 22. Qe6+ Qf7 23. Nxe7+ Kf8 24. Ng6+ Kg8 25. Ne7+ Kf8 26. Qxf7+ Kxf7 27. Nf5
Bf8 28. Bd2 Nc7 29. Ne3 Re8 30. Bf3 Bd3 31. Rh1 Nb5 32. Kg2 Be4 33. Kf2 Bg7 34.
b3 Nd4 35. Bxe4 Rxe4 36. Bc3 b5 37. Ba1 Rxe3 38. Kxe3 Nc2+ 39. Kd2 Nxa1 40. Re1
c4 41. bxc4 bxc4 42. Rc1 c3+ 43. Rxc3 Bxc3+ 44. Kxc3 Kg6 45. Kb2 Kf5 46. Kxa1
Ke4 47. Kb2 h5 48. Kc3 h4 49. gxh4 Kxf4 50. Kb4 Ke5 51. h5 Kxd5 52. h6 1-0

[Event "45 Otwarte Mistrzostwa Chorzowa OPEN FI"]
[Site "MDK Batory"]
[Date "2009.04.03"]
[Round "7.21"]
[White "Czornik, Janusz"]
[Black "Solek, Zenon"]
[Result "0-1"]
[WhiteElo "1749"]
[BlackElo "1852"]
[PlyCount "70"]
[EventDate "2009.??.??"]

1. e4 c5 2. Nf3 a6 3. c3 e6 4. d4 d5 5. e5 Qc7 6. Be3 b5 7. dxc5 Bxc5 8. Bxc5
Qxc5 9. Nd4 Qc7 10. f4 Nh6 11. Nd2 Nd7 12. N2b3 Nc5 13. Nxc5 Qxc5 14. Bd3 Bd7
15. Qe2 O-O 16. Qc2 g6 17. h4 Nf5 18. Bxf5 exf5 19. h5 b4 20. Kd2 Rfc8 21. Rh3
Kf8 22. hxg6 hxg6 23. Rh8+ Ke7 24. Rxc8 Rxc8 25. Rh1 Qa5 26. Qb3 Rc4 27. Ke3
bxc3 28. Qa3+ Qxa3 29. bxa3 Ra4 30. Nc2 Bb5 31. Nb4 Ke6 32. Rd1 Bc4 33. Kd4
Rxa3 34. Rc1 a5 35. Nc6 Kd7 0-1

[Event "45 Otwarte Mistrzostwa Chorzowa OPEN FI"]
[Site "MDK Batory"]
[Date "2009.04.03"]
[Round "7.22"]
[White "Szczecina, Kamil"]
[Black "Karcz, Bartlomiej"]
[Result "1-0"]
[WhiteElo "1686"]
[BlackElo "1799"]
[PlyCount "49"]
[EventDate "2009.??.??"]

1. e4 e5 2. Nf3 Nc6 3. d4 exd4 4. Bc4 Bc5 5. Ng5 Ne5 6. Nxf7 Qe7 7. Nxh8 Nxc4
8. Qh5+ g6 9. Qd5 Qe6 10. Qxc5 Qxe4+ 11. Kd1 d3 12. cxd3 Qxd3+ 13. Nd2 Nxd2 14.
Bxd2 d6 15. Re1+ Kf8 16. Qxc7 Qd5 17. Nf7 Qxf7 18. Qd8+ Kg7 19. Bc3+ Nf6 20.
Bxf6+ Qxf6 21. Re7+ Kh6 22. Rxh7+ Kg5 23. f4+ Kf5 24. g4+ Ke6 25. Qg8+ 1-0

[Event "45 Otwarte Mistrzostwa Chorzowa OPEN FI"]
[Site "MDK Batory"]
[Date "2009.04.03"]
[Round "7.23"]
[White "Czornik, Adam"]
[Black "Bogacki, Henryk"]
[Result "1-0"]
[WhiteElo "1770"]
[BlackElo "1554"]
[PlyCount "113"]
[EventDate "2009.??.??"]

1. e4 e5 2. f4 d5 3. exd5 e4 4. d3 Nf6 5. Nc3 Bf5 6. dxe4 Nxe4 7. Bb5+ Nd7 8.
Qe2 Bb4 9. Bd2 Bxc3 10. Bxc3 O-O 11. Qf3 Re8 12. O-O-O a6 13. Bxd7 Qxd7 14. h3
Qa4 15. b3 Qxa2 16. Bb2 Qa5 17. Ne2 Rad8 18. g4 Bc8 19. Rd4 Nf6 20. c4 b5 21.
Ng3 bxc4 22. bxc4 Qb6 23. Qc3 Re7 24. g5 Ne8 25. f5 c5 26. Rdd1 Qb4 27. Rhe1
Qxc3+ 28. Bxc3 Rxe1 29. Rxe1 Nd6 30. Ba5 Rf8 31. Bb6 Nxc4 32. Bxc5 Rd8 33. Kc2
Bb7 34. d6 h6 35. g6 Bc6 36. gxf7+ Kxf7 37. Re7+ Kg8 38. Rc7 Bb5 39. Ne4 Ne5
40. Bd4 Nf7 41. Bc5 Rd7 42. Rc8+ Kh7 43. Kc3 Ne5 44. Rc7 Bd3 45. Rxd7 Bxe4 46.
Ra7 Bxf5 47. Rxa6 Bxh3 48. Bd4 Nd7 49. Ra7 g5 50. Kc4 Kg8 51. Kd5 Kf7 52. Kc6
Ke8 53. Ra3 Bg4 54. Re3+ Kd8 55. Bg7 h5 56. Bh6 h4 57. Bxg5+ 1-0

[Event "45 Otwarte Mistrzostwa Chorzowa OPEN FI"]
[Site "MDK Batory"]
[Date "2009.04.03"]
[Round "7.26"]
[White "Jablonski, Lechoslaw"]
[Black "Korcz, Daniel"]
[Result "1/2-1/2"]
[WhiteElo "1654"]
[BlackElo "1742"]
[PlyCount "56"]
[EventDate "2009.??.??"]

1. e4 e5 2. d4 exd4 3. c3 dxc3 4. Bc4 c2 5. Qxc2 Bb4+ 6. Nc3 Bxc3+ 7. Qxc3 Qf6
8. Ne2 Qxc3+ 9. Nxc3 c6 10. O-O b5 11. Bd3 b4 12. Ne2 Ba6 13. Rd1 Ne7 14. Bg5
Bxd3 15. Rxd3 f6 16. Bf4 Ng6 17. Bd6 Ne5 18. Rg3 Kf7 19. Bxb4 d5 20. f4 Nc4 21.
b3 Nb6 22. e5 fxe5 23. fxe5 Na6 24. Bd6 c5 25. Rf1+ Kg8 26. Nc3 Nc8 27. Rg5
Nxd6 28. exd6 Rb8 {dalej zapis nieczytelny} 1/2-1/2

[Event "45 Otwarte Mistrzostwa Chorzowa OPEN FI"]
[Site "MDK Batory"]
[Date "2009.04.04"]
[Round "8.1"]
[White "Mulet, Piotr"]
[Black "Osipow, Nikolaj"]
[Result "1-0"]
[WhiteElo "2303"]
[BlackElo "2251"]
[PlyCount "117"]
[EventDate "2009.??.??"]

1. e4 e5 2. Nf3 Nc6 3. Nc3 Nf6 4. Bb5 Nd4 5. O-O c6 6. Ba4 Nxf3+ 7. Qxf3 d6 8.
h3 Be7 9. Nd5 b5 10. Nxe7 Qxe7 11. Bb3 Be6 12. d4 O-O 13. dxe5 dxe5 14. Bg5 a5
15. Rfd1 a4 16. Bxe6 Qxe6 17. Bxf6 gxf6 18. Rd3 Rad8 19. Rad1 Rxd3 20. Rxd3 Re8
21. a3 Kh8 22. Kh2 Rg8 23. h4 Rg4 24. g3 Kg7 25. Rd8 h5 26. Qd3 Qe7 27. Rd7 Qc5
28. Kg2 f5 29. exf5 e4 30. Qd4+ Qxd4 31. Rxd4 c5 32. Rd5 b4 33. Rxc5 bxa3 34.
bxa3 Kf6 35. Ra5 Rg8 36. Rxa4 Re8 37. Rc4 e3 38. fxe3 Rxe3 39. c3 Kxf5 40. a4
Ke6 41. Kf2 Rd3 42. a5 Rd2+ 43. Ke3 Ra2 44. Rc5 f5 45. Kf4 Ra4+ 46. Kg5 Rg4+
47. Kxh5 Rxg3 48. a6 Rg8 49. a7 Kf6 50. Rc6+ Ke5 51. Ra6 Ra8 52. c4 f4 53. Kg4
Ke4 54. Re6+ Kd4 55. Re7 Rf8 56. Kf3 Kxc4 57. h5 Kd5 58. h6 Kd6 59. Rb7 1-0

[Event "45 Otwarte Mistrzostwa Chorzowa OPEN FI"]
[Site "MDK Batory"]
[Date "2009.04.04"]
[Round "8.2"]
[White "Radzikowski, Dawid"]
[Black "Kalinin, Oleg"]
[Result "0-1"]
[WhiteElo "1953"]
[BlackElo "2377"]
[PlyCount "116"]
[EventDate "2009.??.??"]

1. e4 c5 2. Nc3 e6 3. Nf3 a6 4. g3 d6 5. Bg2 Nc6 6. d4 cxd4 7. Nxd4 Bd7 8. O-O
Nf6 9. Kh1 Nxd4 10. Qxd4 Bc6 11. f4 Qc7 12. Be3 Be7 13. h3 O-O 14. Rf2 b5 15.
g4 Nd7 16. Rg1 a5 17. g5 b4 18. Ne2 e5 19. Qd2 exf4 20. Nxf4 Ne5 21. Nh5 Rfe8
22. Bd4 Bf8 23. Rgf1 Rad8 24. c3 Qb7 25. Rf4 Rd7 26. Ng3 b3 27. a3 Nc4 28. Qf2
Ne5 29. Rd1 Ng6 30. Rg4 d5 31. Bc5 Bxc5 32. Qxc5 dxe4 33. Rxd7 Qxd7 34. Nxe4
Bxe4 35. Rxe4 Rxe4 36. Bxe4 Qxh3+ 37. Kg1 Qg4+ 38. Bg2 Nf4 39. Qc6 Qxg2+ 40.
Qxg2 Nxg2 41. Kxg2 h6 42. gxh6 gxh6 43. Kg3 Kf8 44. Kg4 Ke7 45. Kf5 Kd6 46. Kf6
Kd5 47. Kf5 Kc4 48. Kf6 Kd3 49. Kf5 a4 50. Kf4 f6 51. Kg4 Ke4 52. Kg3 f5 53.
Kf2 h5 54. Ke2 h4 55. Kf2 f4 56. Kg2 f3+ 57. Kf2 h3 58. Kg3 Ke3 0-1

[Event "45 Otwarte Mistrzostwa Chorzowa OPEN FI"]
[Site "MDK Batory"]
[Date "2009.04.04"]
[Round "8.3"]
[White "Buchowski, Adam"]
[Black "Sroka, Janusz"]
[Result "0-1"]
[WhiteElo "1919"]
[BlackElo "2109"]
[PlyCount "132"]
[EventDate "2009.??.??"]

1. Nf3 d6 2. b3 e5 3. d3 Nf6 4. Bb2 Be7 5. Nbd2 c6 6. e4 O-O 7. Be2 Re8 8. O-O
Nbd7 9. d4 Qc7 10. c4 Bf8 11. d5 a5 12. Rc1 g6 13. Rc3 Bg7 14. Ne1 Nc5 15. f3
Nh5 16. Nd3 Nxd3 17. Bxd3 c5 18. a4 Rf8 19. g3 Bh6 20. Qe1 Qe7 21. Bc1 f5 22.
Nb1 Bxc1 23. Rxc1 fxe4 24. Bxe4 Bh3 25. Rf2 Rf7 26. Qe3 Raf8 27. Nc3 Kg7 28.
Rcc2 Bd7 29. Nd1 Nf6 30. Nc3 Qd8 31. Bd3 Qb6 32. Rb2 Qb4 33. Bf1 h6 34. h3 Nh5
35. Kh2 Qb6 36. Bd3 Qd8 37. Ne4 Bc8 38. Nc3 Qd7 39. Bf1 Qd8 40. Bg2 Qe7 41.
Rbe2 Qc7 42. Rb2 Qb6 43. Ne4 Bf5 44. Nc3 Bd7 45. Nd1 Qd8 46. Rfe2 Nf6 47. Nf2
Bf5 48. Rbd2 Qb6 49. Rd1 Bc8 50. Rg1 Re8 51. Ree1 Ref8 52. Ref1 Bf5 53. Qc3 Bc8
54. Nd1 Nh5 55. f4 Qc7 56. fxe5 dxe5 57. Re1 Re7 58. Re3 Kh7 59. Rge1 Rfe8 60.
Qd3 Qd6 61. Nc3 Bf5 62. Be4 Rf7 63. g4 Nf4 64. Qc2 Bc8 65. Bd3 Nxd3 66. Nb5
Nxe1 0-1

[Event "45 Otwarte Mistrzostwa Chorzowa OPEN FI"]
[Site "MDK Batory"]
[Date "2009.04.04"]
[Round "8.4"]
[White "Galyga, Zbigniew"]
[Black "Banasik, Henryk"]
[Result "1-0"]
[WhiteElo "2217"]
[BlackElo "2121"]
[PlyCount "117"]
[EventDate "2009.??.??"]

1. d4 d5 2. Nf3 e6 3. c4 c6 4. e3 Nf6 5. Bd3 Nbd7 6. O-O Bd6 7. Nc3 dxc4 8.
Bxc4 O-O 9. e4 e5 10. h3 b5 11. Bd3 a6 12. Be3 Re8 13. Re1 Bb7 14. Qc2 Rc8 15.
Rad1 Qc7 16. a4 b4 17. Nb1 c5 18. dxe5 Nxe5 19. Nxe5 Bxe5 20. Nd2 Red8 21. Nc4
Bd4 22. b3 a5 23. Re2 Re8 24. Bxd4 cxd4 25. g3 g6 26. Rde1 Re6 27. Qb2 Qd8 28.
Qd2 Rc5 29. Qf4 Nh5 30. Qg4 Bc8 31. Qf3 Ba6 32. e5 Qb8 33. g4 Bb7 34. Be4 Bxe4
35. Rxe4 Ng7 36. Rxd4 Rc8 37. Red1 Qa8 38. Qxa8 Rxa8 39. Rd8+ Re8 40. Rxe8+
Rxe8 41. Nxa5 Ne6 42. Rd5 Nf4 43. Rb5 Nxh3+ 44. Kf1 Rd8 45. Nc4 Rd1+ 46. Ke2
Rb1 47. Rxb4 Nf4+ 48. Kf3 g5 49. Nd2 Rb2 50. Ne4 Nd3 51. Rb5 h6 52. Ke3 Nc1 53.
a5 Rxb3+ 54. Rxb3 Nxb3 55. a6 Na5 56. a7 Nc4+ 57. Kd4 Nb6 58. Kc5 Nd7+ 59. Kd6
1-0